书目信息 |
| 题名: |
台湾事务法律文件选编
|
|
| 作者: | ;国务院台湾事务办公室 编 | |
| 分册: | ||
| 出版信息: | 北京 中国法制出版社 2015 |
|
| 页数: | 590页 | |
| 开本: | 24cm | |
| 丛书名: | ||
| 单 册: | ||
| 中图分类: | D618 | |
| 科图分类: | ||
| 主题词: | 台湾问题--Tai Wan Wen Ti--方针政策--中国--汇编 , 台湾问题--Tai Wan Wen Ti--法律--中国--汇编 | |
| 电子资源: | ||
| ISBN: | 978-7-5093-7062-9 | |
| 000 | 00864nam0 22002411 450 | |
| 001 | 350984 | |
| 005 | 20161011142730.60 | |
| 010 | @a978-7-5093-7062-9@dCNY95.00 | |
| 100 | @a20160115d2015 em y0chiy50 ea | |
| 101 | 0 | @achi |
| 102 | @aCN@b110000 | |
| 105 | @ay zn 000yy | |
| 106 | @ar | |
| 200 | 1 | @a台湾事务法律文件选编@ATai Wan Shi Wu Fa Lv Wen Jian Xuan Bian@e2015年版@f国务院台湾事务办公室编 |
| 210 | @a北京@c中国法制出版社@d2015 | |
| 215 | @a590页@d24cm | |
| 330 | @a本书按照宪法、经济法、行政法、民法商法、社会法、诉讼法等分类进行编辑。此外,附列两岸协议。 | |
| 606 | 0 | @a台湾问题@ATai Wan Wen Ti@x方针政策@y中国@j汇编 |
| 606 | 0 | @a台湾问题@ATai Wan Wen Ti@x法律@y中国@j汇编 |
| 690 | @aD618@v5 | |
| 711 | 02 | @a国务院台湾事务办公室@AGuo Wu Yuan Tai Wan Shi Wu Ban Gong Shi@4编 |
| 801 | 0 | @aCN@bTANGWEI@c20160811 |
| 905 | @b0892651-4@dD618@e182@f4 | |
| 台湾事务法律文件选编:2015年版/国务院台湾事务办公室编 .-北京:中国法制出版社,2015 |
| 590页;24cm |
| ISBN 978-7-5093-7062-9:CNY95.00 |
| 本书按照宪法、经济法、行政法、民法商法、社会法、诉讼法等分类进行编辑。此外,附列两岸协议。 |
| ● |
| 相关链接 |
|
|
|
|
正题名:台湾事务法律文件选编
索取号:D618/182
 
预约/预借
| 序号 | 登录号 | 条形码 | 馆藏地/架位号 | 状态 | 备注 |
| 1 | 0892651 | 208926518 | 第一样本阅览室/ [索取号:D618/182] | 在馆 | |
| 2 | 0892652 | 208926527 | 第一借阅区/ [索取号:D618/182] | 在馆 | |
| 3 | 0892653 | 208926536 | 密集书库-史法系/ [索取号:D618/182] | 在馆 | |
| 4 | 0892654 | 208926545 | 第一借阅区/ [索取号:D618/182] | 在馆 |